1-10 In Which Language? Quiz Stats

 Plays Quiz Updated Aug 14, 2012

Challenge
Share
Tweet
Embed
Score 0/20 Timer 07:00
0 Plays Today
1-10 Language % Correct
one | two | three | four | five | six | seven | eight | nine | tenEnglish
99.9%
un | deux | trois | quatre | cinq | six | sept | huit | neuf | dix French
91.5%
uno | dos | tres | cuatro | cinco | seis | siete | ocho | nueve | diezSpanish
85.5%
eins | zwei | drei | vier | fünf | sechs | sieben | acht | neun | zehnGerman
85.1%
yi | er | san | si | wu | liu | qi | ba | jiu | shiMandarin Chinese
85%
ichi | ni | san | shi/yo/yon | go | roku | shichi/nana | hachi | ku/kyu | juuJapanese
79.2%
uno | due | tre | quattro | cinque | sei | sette | otto | nove | dieciItalian
71.5%
um | dois | tres | quatro | cinco | seis | sete | oito | nove | dezPortuguese
67.9%
ahad | ithnani | thalatha | arba'a | khamsa | sitta | sab'a | thamaniya | tis'a | 'asharaArabic (masculine)
58.1%
odin | dva | tri | chetire | pyat' | shest' | sem' | vosem' | devyat' | desyat' Russian
53.8%
1-10 Language % Correct
jeden | dwa | trzy | cztery | piec | szesc | siedem | osiem | dziewiec | dziesiecPolish
47.2%
een | twee | drie | vier | vijf | zes | zeven | acht | negen | tienDutch
46.5%
nueng | song | sam | si | ha | hok | chet | paet | kao | sipThai
35.2%
kahi | lua | kolu | haa | lima | ono | hiku | walu | iwa | 'umiHawaiian
35%
bir | iki | üç | dört | bes | alti | yedi | sekiz | dokuz | onTurkish
34%
akhat | shtayim | shalosh | arba | khamesh | shesh | sheva | shmone | tesha | esser Hebrew
32.7%
yksi | kaksi | kolme | neljä | viisi | kuusi | seitsemän | kahdeksan | yhdeksän | kymmenenFinnish
28.8%
unu | doi | trei | patru | cinci | sase | sapte | opt | noi | zeceRomanian
28.4%
jeden | dva | tři | čtyři | pět | šest | sedm | osm | devět | desetCzech
27.5%
egy | ketto | három | négy | öt | hat | het | nyolc | kilenc | tízHungarian
23.1%

You're not logged in!

Compare scores with friends on all Sporcle quizzes.
OR
Log In

You Might Also Like...

Show Comments

Extras

Top Quizzes Today


Score Distribution

Your Account Isn't Verified!

In order to create a playlist on Sporcle, you need to verify the email address you used during registration. Go to your Sporcle Settings to finish the process.

Report this User

Report this user for behavior that violates our Community Guidelines.

Details: